Improve your communication skills (Record no. 108129)

MARC details
000 -LEADER
fixed length control field 01073cam a22002535a 4500
001 - CONTROL NUMBER
control field L143344
008 - FIXED-LENGTH DATA ELEMENTS--GENERAL INFORMATION
fixed length control field 080428s2006 xxkdo f 000 0 eng d
020 ## - INTERNATIONAL STANDARD BOOK NUMBER
International Standard Book Number 9780749448226
035 ## - SYSTEM CONTROL NUMBER
System control number (Sirsi) u143344
041 0# - LANGUAGE CODE
Language code of text/sound track or separate title eng
050 04 - LIBRARY OF CONGRESS CALL NUMBER
Classification number 658.45 $2 18
100 1# - MAIN ENTRY--PERSONAL NAME
Personal name Barker, Alan
245 00 - TITLE STATEMENT
Title Improve your communication skills
250 ## - EDITION STATEMENT
Edition statement 2nd ed.
260 ## - PUBLICATION, DISTRIBUTION, ETC.
Place of publication, distribution, etc. London
Name of publisher, distributor, etc. Kogan Page
Date of publication, distribution, etc. 2006
300 ## - PHYSICAL DESCRIPTION
Extent vi, 145p.
Other physical details ill.
Dimensions 22cm.
350 ## - PRICE (NR) (BK AM CF MU VM SE) [OBSOLETE]
Price 8.99
505 2# - FORMATTED CONTENTS NOTE
Formatted contents note The process of communication -- How conversations work -- Seven ways to improve your conversations -- The skills of enquiry -- The skills of persuasion -- Interviews: holding a formal conversation -- Making a presentation -- Putting it in writing
520 ## - SUMMARY, ETC.
Summary, etc. Offers advice to those looking to improve their communication skills; demonstrating how to: improve conversations; build rapport; give effective presentations and other skills. Advises on verbal, vocal and visual communications.
521 ## - TARGET AUDIENCE NOTE
Target audience note Advanced
651 #4 - SUBJECT ADDED ENTRY--GEOGRAPHIC NAME
Geographic name International
690 ## - LOCAL SUBJECT ADDED ENTRY--TOPICAL TERM (OCLC, RLIN)
Topical term or geographic name as entry element MANAGEMENT-BUSINESS MANAGEMENT
942 ## - ADDED ENTRY ELEMENTS (KOHA)
Suppress in OPAC 0
Holdings
Withdrawn status Lost status Source of classification or shelving scheme Damaged status Not for loan Home library Current library Shelving location Date acquired Total Checkouts Full call number Barcode Date last seen Date last checked out Copy number Price effective from Koha item type
    Dewey Decimal Classification     London London Books 31/07/2008 13 658.45 BAR 30074919 06/08/2019 20/07/2010 1 06/08/2019 Book